00601nam a22001577a 450000500170000001000150001702000260003203500140005803700090007208200110008110000440009224500950013626000880023127000700031930000540038920251117123345.0 aHIN-130530 c199.00a9789391546342 aHN-102876 bDBAD aक21 aमिश्र, मणि भूषण aबहरूपिया संन्यासी/cमणि भूषण मिश्र aनई दिल्ली bशब्दांकुर प्रकाशनc2022 aJ-2nd- 41, मदनगीरbनई दिल्ली e110062 a125पृ.c21 सेमी (सजिल्द )